000 00537nam a2200157 i 4500
001 56188
003 ES-MaACL
005 20230906163314.0
007 t|
008 031006s1982 sp ||||1| spa d
100 1 _aDíaz Rodríguez, María del Carmen.
_944412
245 1 0 _aGranadilla
_b: reactivación y economía del sur de Tenerife /
_cMaría del Carmen Díaz Rodríguez.
260 _a[Santa Cruz de Tenerife] :
_bCabildo Insular de Tenerife,
_c1982.
300 _a164 p., 4 lám. ;
_c23 cm.
852 _aES-MaACL
_jL-3095
_bR.103907
999 _c56188
_d56188